Robust signal processing for wireless communications / (Record no. 189461)

000 -LEADER
fixed length control field 01096 a2200241 4500
003 - CONTROL NUMBER IDENTIFIER
control field Nust
005 - DATE AND TIME OF LATEST TRANSACTION
control field 20220819102529.0
020 ## - INTERNATIONAL STANDARD BOOK NUMBER
International Standard Book Number 978-3-540-74246-3
040 ## - CATALOGING SOURCE
Transcribing agency Nust
082 04 - DEWEY DECIMAL CLASSIFICATION NUMBER
Classification number 621.384,DIE
100 1# - MAIN ENTRY--PERSONAL NAME
Personal name Dietrich, Frank A.
9 (RLIN) 98206
245 10 - TITLE STATEMENT
Title Robust signal processing for wireless communications /
Statement of responsibility, etc. Frank A. Dietrich
260 ## - PUBLICATION, DISTRIBUTION, ETC.
Place of publication, distribution, etc. Berlin :
Name of publisher, distributor, etc. Springer,
Date of publication, distribution, etc. 2008
300 ## - PHYSICAL DESCRIPTION
Extent XI, 280 S. :
Other physical details ill.
440 #0 - SERIES STATEMENT/ADDED ENTRY--TITLE
Title Foundations in signal processing, communications and networking ;
Volume/sequential designation Vol. 2
9 (RLIN) 98207
505 ## - FORMATTED CONTENTS NOTE
Formatted contents note Introduction (Page-1), Channel Estimation and Prediction (Page-11), Estimation of Channel and Noise Covariance Matrices (Page 59), Linear Precoding with Partial Channel State Information (Page 121), Nonlinear Precoding with Partial Channel State Information (Page 181).
650 #7 - SUBJECT ADDED ENTRY--TOPICAL TERM
Topical term or geographic name entry element Signal processing
650 #7 - SUBJECT ADDED ENTRY--TOPICAL TERM
Topical term or geographic name entry element Signalbehandling
9 (RLIN) 97723
650 #7 - SUBJECT ADDED ENTRY--TOPICAL TERM
Topical term or geographic name entry element Telecommunication engineering
General subdivision MIMO
-- ܢertragungskanal
-- Signalverarbeitung
-- Robustheit
-- Funkprognose.
9 (RLIN) 98208
650 #7 - SUBJECT ADDED ENTRY--TOPICAL TERM
Topical term or geographic name entry element Tr夬?ommunikation
9 (RLIN) 95744
650 #7 - SUBJECT ADDED ENTRY--TOPICAL TERM
Topical term or geographic name entry element Wireless communication systems
9 (RLIN) 594
942 ## - ADDED ENTRY ELEMENTS (KOHA)
Koha item type Reference
Source of classification or shelving scheme
Holdings
Withdrawn status Lost status Source of classification or shelving scheme Damaged status Not for loan Permanent Location Current Location Shelving location Date acquired Full call number Barcode Date last seen Price effective from Koha item type Public note
          Military College of Signals (MCS) Military College of Signals (MCS) Reference 12/12/2016 621.384,DIE MCS35125 12/08/2016 12/12/2016 Reference Almirah No.23, Shelf No.3
© 2023 Central Library, National University of Sciences and Technology. All Rights Reserved.